000 00544nmm a2200169Ia 4500
008 251105s9999||||xx |||||||||||||||||und||
020 _a9788499407197
041 _aspa
100 _aVV. AA.
245 0 _aInmigración : Filias y fobias en tiempos de crisis
264 _a[Madrid, España] :
_bBiblioteca Nueva,
_c2013
300 _a432 páginas
490 _aBiblioteca Nueva Universidad. Manuales y obras de referencia
650 _aEmigration and immigration
856 _uhttps://public.digitaliapublishing.com/a/27708
942 _cCF
999 _c92765
_d92765